000 01536nam a2200373 i 4500
001 197769
003 ES-MaACL
005 20250901063145.0
008 250723s1994 sp | ||| ||spa
016 7 _abimoBNE19940373711
_2SpMaBN
017 _aHU 40-1994
_bOficina Depósito Legal Huesca
020 _a8481270202
035 _a(OCoLC)434332444
035 _a(SpMaBN)bimo0000426342
040 _aSpMaBN
_bspa
_cSpMaBN
_erdc
080 _a860-32"19"
100 1 _aSatué Oliván, Enrique,
_d1955-
_9241475
_eaut
240 1 0 _aPedrón, el diablo del museo de Serrablo
245 1 0 _aPedrón, el diablo del museo de Serrablo /
_cEnrique Satué Oliván, ilustraciones de Roberto L'Hôtellerie López.
260 _aSabiñánigo :
_bAyuntamiento ;
_aHuesca,
_bInstituto de EstudiosAltoaragoneses,
_cD.L. 1994.
300 _a70 páginas :
_bilustrado blanco y negro ;
_c24 cm
336 _2rdacontent
_atexto
337 _2rdamedia
_asin mediación
338 _2rdacarrier
_avolumen
490 1 _aColección "L'alazena de yaya" ;
_v2
655 7 _2tgfbne
_9193653
_aLibros ilustrados
700 1 0 _aL'Hôtellerie López, Roberto
_9241477
_eill
852 _aES-MaACL
_cDEPOJ
_jN-10615
_hDonación: José Lázaro García
_xEncuadernación rústica
_9206738
903 _9234219
_aLázaro García, José
_ednr
942 _cMONOGRAFIA
_n0
999 _c197769
_d197769